=LDR 00000nam 2200000 4500 =001 INLIS000000000002569 =005 20200603074534 =035 ##$$a 0010-061300000002569 =008 200603################g##########0#ind## =041 ##$$a Ind =082 ##$$a 2x0.303 6 =090 ##$$a 2X0.303 6, Abs m =100 ##$$a Abshar-Abdalla, Ulil =245 1#$$a Membakar rumah tuhan : $b Pergulatan agama privat dan publik /$c Ulil Abshar-Abdalla; Editor: Mukhlis =260 ##$$a Bandung :$b Remaja Rosdakarya,$c 1999 =300 ##$$a xxi,257 hlm ; $c 20 x 14 cm =650 #4$$a Islam dan Toleransi =850 ##$$a NBPNMAT =020 ##$$a 979-514-841-9 =084 ##$$a 2x0.303 6 ABS m =500 ##$$a Indeks: halaman 253-257 =990 ##$$a DW20009589 =990 ##$$a DW20009590 =990 ##$$a DW20009591 =990 ##$$a DW20009592 =990 ##$$a 00052776